Marvel Characters quiz - Statistics

General Stats
  • This quiz has been taken 72 times
  • The average score is 81 of 369
Answer Stats
First Appearance Latest Appearance Actor Status Description Answer % Correct
Iron Man Avengers: Endgame Robert Downey Jr. Deceased Superhero who wears a high tech suit of armor to fight crime Tony Stark (Iron Man) / Tony Stark / Iron Man
96%
The Incredible Hulk She-Hulk: Attorney at Law Edward Norton, Mark Ruffalo Active Scientist who can turn into a big green gamma monster Bruce Banner (The Hulk) / Bruce Banner / Hulk
94%
Iron Man 2 Black Widow Scarlet Johansson Deceased S.H.I.E.L.D. agent and ex-black widow assassin Natasha Romanoff (Black Widow) / Natasha Romanoff / Black Widow
94%
Captain America: The First Avenger Avengers: Endgame Chris Evans Inactive Superhero with a heart of gold who uses a shield as his main weapon Steve Rogers (Captain America) / Steve Rogers / Captain America
94%
Thor Hawkeye Jeremy Renner Active S.H.I.E.L.D. agent who uses a bow and arrow Clint Barton (Hawkeye) / Clint Barton / Hawkeye
91%
Thor Thor: Love and Thunder Natalie Portman Deceased Former Astrophysicists and astronomer turned Superhero who loses her battle with cancer Jane Foster (Mighty Thor) / Jane / Thor
91%
Thor Thor: Love and Thunder Chris Hemsworth Active Norse God of Thunder Thor Odinson / Thor
91%
Captain America: The First Avenger Thunderbolts* Sebastian Stan Active Ex-Hydra Assassin who was brainwashed James Buchannan "Bucky" Barnes (Winter Soldier) / James Barnes / Bucky / Winter Soldier / White Wolf
83%
Captain America: Civil War Spider-Man: No Way Home Tom Holland Active Teenager from Queens who gained powers after being bitten by a radioactive spider Peter Parker (Spider-Man) / Peter Parker / Spider Man
83%
Ant-Man Ant-Man and the Wasp: Quantumania Paul Rudd Active Ex-Convict who steals a suit capable of shrinking Scott Lang (Ant-Man) / Scott Lang / Ant Man
83%
Avengers: Age of Ultron WandaVision Paul Bettany Deceased Synthetic Android derived from #1's old suit AI Vision
83%
Captain America: The Winter Soldier* (Post-Credits) Doctor Strange in the Multiverse of Madness Elizabeth Olsen Unknown Powerful witch who gained her powers from loki's scepter Wanda Maximoff (Scarlet Witch) / Wanda Maximoff / Scarlet Witch
83%
WandaVision WandaVision Paul Bettany Active Cloned version of Vision created by S.W.O.R.D. White Vision / Vision
83%
Ant-Man Ant-Man and The Wasp: Quantumania Michael Douglas Active Former CEO of Pym Tech, former Ant-Man Hank Pym
81%
Guardians of the Galaxy Guardians of the Galaxy vol. 3 Zoe Saldana Active Deadliest woman in the galaxy Gamora
79%
The Falcon and The Winter Soldier Captain America: Brave New World Danny Ramirez Active Air Force Intelligence officer and current Falcon Joaquin Torres (Falcon) / Joaquin Torres / Falcon
79%
Captain America: The Winter Soldier Captain America: Brave New World Anthony Mackie Active Former U.S. Air Force officer who uses high tech wings to fly, current owner of cap's shield Sam Wilson (Falcon) / Sam Wilson / Falcon
79%
Black Panther Black Panther: Wakanda Forever Letitia Wright Active Current Black Panther, inventor and sister of the previous Black Panther Shuri (Black Panther) / Shuri / Black Panther
79%
Doctor Strange Doctor Strange in the Multiverse of Madness Benedict Cumberbatch Active Former neurosurgeon and then sorcerer, former protector of the Time Stone Stephen Strange (Doctor Strange) / Stephen Strange / Dr Strange / Doctor Strange
79%
Captain America: Civil War Avengers: Endgame Chadwick Boseman Deceased Former king of Wakanda who died unexpectedly T'Challa (Black Panther) / T'Challa / Black Panther
79%
Guardians of the Galaxy Guardians of the Galaxy vol. 3 Vin Diesel Active Tree-person who can only say his name Groot
77%
Ant-Man Ant-Man and the Wasp: Quantumania Evangeline Lily Active Lover of ^ who owns her own shrinking suit with wings Hope Van Dyne (Wasp) / Hope Van Dyne / Wasp
77%
Iron Man Secret Invasion Don Cheadle Active Former U.S. Air Force officer who uses a high tech suit of armor, can't walk James "Rhodey" Rhodes (War Machine) / James Rhodes / Rhodey / War Machine / Iron Patriot
77%
Ant-Man Ant-Man and The Wasp: Quantumania Michelle Pfeiffer Active Wife of Above ^ former Wasp Janet Van Dyne / Wasp
77%
Guardians of the Galaxy Guardians of the Galaxy vol. 3 Chris Pratt Inactive Former leader of the Guardians of the Galaxy who is the son of a celestial Peter Quill (Star-Lord) / Peter Quill / Star Lord
77%
Guardians of the Galaxy Guardians of the Galaxy vol. 3 Bradley Cooper Active Technician and current leader of the Guardians Rocket Raccoon / Rocket
77%
Guardians of the Galaxy Guardians of the Galaxy vol. 3 Dave Bautista Inactive Fierce warrior of the guardians who sought revenge for his wife and daughter's deaths Drax the Destroyer / Drax
74%
Captain Marvel The Marvels Brie Larson Active Ex Air Force pilot who gained powers from the Tesseract Carol Danvers (Captain Marvel) / Carol Danvers / Captain Marvel
72%
Thor Loki Tom Hiddleston Unknown Brother of #4, dies and comes back to life frequently, current God of Stories Loki
70%
Doctor Strange in the Multiverse of Madness Doctor Strange in the Multiverse of Madness Lashana Lynch Deceased Illuminati Member and Captain Marvel, from another universe Maria Rambeau (Captain Marvel) / Maria / Captain Marvel
70%
Captain America: The Winter Soldier* (Post-Credits) Avengers: Age of Ultron Aaron Taylor-Johnson Deceased Fast superhuman who gained his powers from loki's scepter, brother of ^ Pietro Maximoff (Quicksilver) / Pietro Maximoff / Quicksilver
70%
WandaVision Agatha All Along Evan Peters Active Unsuspecting citizen of Westview who became a thrall of Agatha and posessed superhuman speed while within Westview Ralph Bohner / Ralph / Quicksilver / Pietro Maximoff
70%
Guardians of the Galaxy vol. 2 Guardians of the Galaxy vol. 3 Pom Klementieff Inactive Insect-esque woman who can manipulate emotions of those she touches Mantis
68%
She-Hulk: Attorney at Law She-Hulk: Attorney at Law Tatiana Maslaney Active Cousin of The Hulk who is a lawyer Jennifer Walters (She-Hulk) / Jennifer / She-Hulk
66%
Spider-Man: No Way Home Daredevil: Born Again Charlie Cox Active Blind Lawyer and Vigilante Matt Murdock (Daredevil) / Matt Murdock / Daredevil
66%
Deadpool & Wolverine Deadpool & Wolverine Ryan Reynolds Active Mutant with a regeneration factor, Merc with a Mouth Wade Wilson (Deadpool) / Wade Wilson / Deadpool
66%
Deadpool & Wolverine Deadpool & Wolverine Hugh Jackman Active Mutant with Adamantium claws and a regeneration factor, the worst version of himself in the multiverse James "Logan" Howlette (Wolverine) / Logan / Wolverine
64%
Moon Knight Moon Knight Oscar Isaac Active Ex-Marine with D.I.D., has a god living in his head Marc Spector (Moon Knight), Steven Grant (Mister Knight), Jake Lockley / Marc Spector / Steven Grant / Jake Lockley / Moon Knight / Mister Knight / Mr Knight
64%
Guardians of the Galaxy Guardians of the Galaxy vol. 3 Karen Gillan Inactive Cyborg and past enemy of the Guardians Nebula
64%
Thor Thor: Ragnarok Anthony Hopkins Deceased Father of Thor, Former king of Asgard Odin
62%
Deadpool & Wolverine* (Variant) The Fantastic Four: First Steps Joseph Quinn Active Brother of ^, Can light his body on fire and fly Johnny Storm (Human Torch) / Johnny Storm / Human Torch
60%
Deadpool & Wolverine The Fantastic Four: First Steps* (Variant) Chris Evans Deceased Fantastic Four member who can light himself on fire, trapped in the void Johnny Storm (Human Torch) / Johnny Storm / Human Torch
60%
The Avengers* (Mid-Credits) Avengers: Endgame Josh Brolin Deceased Intergalactic Warlord who sought the Ininity Stones to kill half of all life Thanos
60%
Shang-Chi and the legend of the Ten Rings Shang-Chi and the Legend of the Ten Rings Simu Liu Active Current wielder of the Ten Rings Shang-Chi
57%
The Fantastic Four: First Steps The Fantastic Four: First Steps Ebon Moss-Bachrach Active Ex-Pilot who has rocks for skin Benjamin Grimm (The Thing) / Ben Grimm / The Thing / Thing
55%
Thor: Ragnarok Thor: Ragnarok Cate Blanchett Deceased Older Sister of #4, Goddess of Death Hela
55%
Ms Marvel The Marvels Iman Vellani Active Mutant superhero who wields Aisha's Bangles Kamala Khan (Ms Marvel) / Kamala Khan / Ms Marvel
55%
Iron Man Secret Invasion Samuel L. Jackson Active Former director of S.H.I.E.L.D. Nick Fury
55%
Doctor Strange in the Multiverse of Madness* (Variant) The Fantastic Four: First Steps Pedro Pescal Active World's smartest man, has stretchy powers Reed Richards (Mister Fantastic) / Reed Richards / Mr Fantastic / Mister Fantastic
55%
Doctor Strange in the Multiverse of Madness Doctor Strange in the Multiverse of Madness John Krasinski Deceased Illuminati Member and head of the Fantastic Four, from another universe Reed Richards (Mister Fantastic) / Reed Richards / Mr Fantastic / Mister Fantastic
55%
Avengers: Age of Ultron Avengers: Age of Ultron James Spader Deceased AI creation of #1 and #3 who sought humanities extinction Ultron
55%
Captain America: The First Avenger Avengers: Endgame Hugo Weaving, Ross Marquand Unknown Super Soldier with a red face, ex head of HYDRA Johann Schmidt (Red Skull) / Johann Schmidt / Red Skull
51%
Spider-Man: Far From Home Spider-Man: Far From Home Jake Gyllenhaal Deceased Illusionist criminal who portrayed himself as a superhero to the public Quentin Beck (Mysterio) / Quentin Beck / Mysterio
49%
The Falcon and The Winter Soldier Thunderbolts* Julia Louis-Dreyfus Active Director of the CIA Valentina Allegra de Fontaine / Val
49%
Spider-Man: No Way Home Spider-Man: No Way Home Willem Dafoe Unknown Criminal and CEO of Oscrop from another universe Norman Osborn (Green Goblin) / Norman Osborn / Green Goblin
47%
The Fantastic Four: First Steps The Fantastic Four: First Steps Vanessa Kirby Active Wife of ^, can generate shields and turn herself invisible Sue Storm (Invisible Woman) / Sue Storm / Invisible Woman
47%
The Incredible Hulk Captain America: Brave New World William Hurt, Harrison Ford In Custody Former President of the U.S. who was poisoned with Gamma radiation to have a gamma monster form Thaddeus "Thunderbolt" Ross (Red Hulk) / Thaddeus Ross / Thunderbolt / Ross / Red Hulk
47%
Thor: Ragnarok Thor: Love and Thunder Taika Waititi Active Current king of Asgard, former scrapper on Sakaar Brunnhilde (Valkyrie) / Brunnhilde / Valkyrie
45%
Iron Man Deadpool & Wolverine Jon Favreau Active Head of Security for Stark Industries Harold "Happy" Hogan / Happy
45%
Hawkeye Hawkeye Hailee Steinfeld Active Protege of Hawkeye who gets caught up in a conflict between him and the tracksuit mafia Kate Bishop
45%
Iron Man 3 Shang-Chi and the Legend of the Ten Rings Ben Kingsley Active Actor who portrays 'The Mandarin' Trevor Slattery (The Mandarin*) / Trevor / Mandarin
45%
Ant-Man Ant-Man and The Wasp: Quantumania Corey Stoll Deceased Former CEO of Cross Technologies who made his own shrinking suit Darren Cross (Yellowjacket, M.O.D.O.K.) / Darren Cross / Yellowjacket / MODOK
43%
Black Panther Black Panther Michael B. Jordan Deceased Cousin of the Black Panther who wanted to use Wakanda's technology to help other black people around the world Erik "N'Jadaka" Stevens (Killmonger) / NJobu / Erik Stevens / Killmonger
43%
Iron Man Avengers: Endgame Gwyneth Paltrow Active CEO of Stark Industries and Wife of #1 Pepper Potts
43%
Loki Loki Jonathan Majors Deceased Variant of Kang who sits at the end of time Victor Timely (He Who Remains) / Victor Timely / He Who Remains / Kang
43%
Loki* (Variant) Ant-Man and The Wasp: Quantumania Johnathan Majors Deceased Scientist from the 31st Century and previous member of the Council of Kang's, sparked the Multiversal war Victor Timely (Kang the Conqueror) / Kang / Victor Timely
43%
Spider-Man: Homecoming Spider-Man: Homecoming Michael Keaton In Custody Scrapper who created a wingsuit Adrian Toomes (Vulture) / Adrian Toomes / Vulture / Toomes
40%
Guardians of the Galaxy vol. 2 Guardians of the Galaxy vol. 2 Kurt Russel Deceased Celestial Planet who wants to remake the galaxy in his image Ego
40%
Spider-Man: No Way Home Spider-Man: No Way Home Thomas Haden Church Unknown Petty Criminal who is made of Sand, from another universe Flint Marko (Sandman) / Flint Marko / Sandman
40%
The Fantastic Four: First Steps The Fantastic Four: First Steps Ralph Ineson Unknown Devourer of Worlds Galactus
40%
Spider-Man: No Way Home Spider-Man: No Way Home Alfred Molina Unknown Scientist who has robotic arms, from another universe Otto Octavius (Doctor Octopus) / Otto Octavius / Doc Ock / Doctor Octopus / Dr Octopus
40%
Doctor Strange in the Multiverse of Madness Doctor Strange in the Multiverse of Madness Xochitl Gomez Active Teenager with the power to travel throughout the multiverse America Chavez
38%
Thor: Love and Thunder Thor: Love and Thunder Christian Bale Deceased Vengeful galactic killer who sought to kill all gods Gorr the God-Butcher / Gorr / Gor
38%
Guardians of the Galaxy Guardians of the Galaxy vol. 3 Seth Green Active Duck who was contained in The Collector's collection Howard the Duck / Howard
38%
Iron Man Avengers: Age of Ultron Paul Bettany Deceased AI Voice in #1's suit J.A.R.V.I.S.
38%
Spider-Man: No Way Home Spider-Man: No Way Home Jamie Foxx Unknown Criminal with electricity powers, from another universe Max Dillon (Electro) / Max Dillon / Electro
38%
Shang-Chi and the Legend of the Ten Rings Shang-Chi and the Legend of the Ten Rings Tony Leung Chiu-wai Deceased Formerly Immortal wielder of the Ten Rings Xu Wenwu (The Mandarin) / Xu Wenwu / Mandarin
38%
Ant-Man Ant-Man and The Wasp: Quantumania Abby Ryder Fortson, Emma Fuhrmann, Kathryn Newton Active Daughter of Ant-Man Cassie Lang (Stature) / Cassie / Stature
36%
Spider-Man: No Way Home Spider-Man: No Way Home Rhys Ifans Unknown Criminal who turned himself into a lizard, from another universe Curt Connors (Lizard) / Curt Connors / Lizard
36%
Doctor Strange Doctor Strange Benedict Cumberbatch Unknown Ruler of the dark dimension Dormammu
36%
The Incredible Hulk She-Hulk: Attorney at Law Tim Roth In Custody Former Spec Ops Commander who takes a modified form of the gamma of #3 Emil Blonsky (Abomination) / Emil Blonsky / Abomination
36%
Captain America: Civil War The Falcon and The Winter Soldier Daniel Bruhl In Custody Sokovian Baron who sought revenge on the Avengers Helmut Zemo / Baron Zemo / Zemo
36%
Spider-Man: Homecoming Spider-Man: Homecoming Bokeem Woodbine In Custody Scrapper who uses Shock Gloves Herman Schultz (Shocker) / Herman Schultz / Shocker
36%
Iron Man 2 Iron Man 2 Mickey Rourke Deceased Russian Physicist who vowed revenge of #1 after his father's death Ivan Vanko (Whiplash) / Ivan Vanko / Whiplash
36%
Spider-Man: Homecoming Spider-Man: Homecoming Logan Marshall-Green Deceased Former user of Shock Gloves, killed by ^ Jackson Brice (Shocker) / Jackson Brice / Shocker
36%
Thor: Ragnarok Thor: Love and Thunder Taika Waititi Active Kronan Warrior who was imprisoned on Sakaar for attempting to start a revolution Korg
36%
Spider-Man: Homecoming Spider-Man: Homecoming Laura Harrier Active Former love interest of Spider-Man Liz Allan / Liz
36%
Iron Man Iron Man Jeff Bridges Deceased Ex-CEO of Stark Industries who had a giant suit of Armor made for himself Obadiah Stane (Iron Monger) / Obadiah Stane / Iron Monger
36%
Guardians of the Galaxy Captain Marvel Lee Pace Deceased Kree Warrior who sought the Power Stone Ronan the Accuser / Ronan
36%
Black Widow Thunderbolts* Florence Pugh Active Former Black Widow assassin and adopted sister of #5 Yelena Belova
36%
Captain America: The First Avenger Captain America: The Winter Soldier Toby Jones Deceased Brilliant Scientist who uploaded his mind into a computer Arnim Zola
34%
Ant-Man and The Wasp Thunderbolts* Hannah John-Kamen Active Intangible ex criminal who requires Quantum energy to survive Ava Starr (Ghost) / Ava Starr / Ghost
34%
Deadpool & Wolverine Deadpool & Wolverine Aaron Stanford Deceased Mutant who can control fire John Allerdyce (Pyro) / John / Pyro
34%
Captain America: Civil War Spider-Man: No Way Home Marisa Tomei Deceased Spider-Man's Aunt May Parker / Aunt May / May
34%
Eternals Eternals Angeline Jolie Active Warrior Eternal whose memories were erased Thena
34%
Black Widow Thunderbolts* Olga Kurylenko Active Daughter of Above ^ who can copy fighting styles Antonia Dreykov (Taskmaster) / Antonia / Taskmaster
32%
The Incredible Hulk Captain America: Brave New World Liv Tyler Active Former Lover of The Hulk Betty Ross
32%
Eternals Eternals Richard Madden Deceased Strongest Eternal who flew into the sun after the other Eternals stopped The Emergence Ikaris
32%
Iron Man 2 Iron Man 2 Sam Rockwell In Custody Rival of Stark Industries, CEO of Hammer Industries Justin Hammer
32%
Guardians of the Galaxy Guardians of the Galaxy: Holiday Special* (Flashback) Michael Rooker Deceased Former head of the ravagers who controlled an arrow with his whistles Yondu Udonta / Yondu
32%
Thor Thor Colm Feore Deceased True father of ^ Laufey
30%
Captain Marvel The Marvels* (Variant) Lashana Lynch Deceased Captain Marvel's friend and Ex Air Force Pilot Maria Rambeau / Maria
30%
Spider-Man: Homecoming Spider-Man: No Way Home Zendaya Active Spider-Man's lover Michelle Jones Watson / MJ / Michelle Watson
30%
Captain Marvel The Marvels Teyonah Parris Unknown Daughter of Captain Marvel's friend who becomes a superhero Monica Rambeau (Photon) / Monica / Photon
30%
Eternals Eternals Lia McHugh Active Eternal who looks like a child Sprite
30%
Doctor Strange She-Hulk: Attorney at Law Benedict Wong Active Current Sorcerer Supreme Wong
30%
Deadpool & Wolverine Deadpool & Wolverine Leslie Uggams Active Roommate and friend of Deadpool Blind Al / Al
28%
Doctor Strange in the Multiverse of Madness Doctor Strange in the Multiverse of Madness Patrick Stewart Deceased Illuminati Member and mutant, head of Charles Xavier's school for gifted youngster's, from another universe Charles Xavier (Professor X) / Charles Xavier / Professor X / Prof X
28%
Eternals Eternals Don Lee Deceased Strongest member of the Eternals Gilgamesh
28%
Avengers; Endgame Spider-Man; No Way Home* (Deleted Scene) Lexi Rabe Active Daughter of #1, "I love you 3,000" Morgan Stark / Morgan
28%
Black Panther: Wakanda Forever Black Panther: Wakanda Forever Tenoch Huerta Active Ruler of the underwater realm of Talokan Namor the Sub-Mariner / Namor / Ku'uk'ulkan
28%
Eternals Eternals Gemma Chan Active Current leader of the Eternals Sersi
28%
Guardians of the Galaxy Guardians of the Galaxy vol. 2 Chris Sullivan Deceased Ravager who mutineers, has a ridiculous name Taserface
28%
Avengers: Age of Ultron Black Panther Andy Serkis Deceased International Criminal who smuggles Vibranium out of Wakanda Ulysses Klaue / Klaue / Klaw
28%
Doctor Strange in the Multiverse of Madness Doctor Strange in the Multiverse of Madness Hayley Atwell Deceased Illuminati Member and Recipient of the Super-Soldier Serum, from an alternate universe Captain Carter / Peggy
26%
Avengers: Age of Ultron Avengers: Endgame Kerry Condon Active Replacement AI in #1's suit F.R.I.D.A.Y.
26%
Thor Avengers: Infinity War Idris Elba Deceased Friend of Thor who was all-seeing Heimdall
26%
Iron Man Avengers: Endgame Gerald Sanders, John Slattery, Dominic Cooper Deceased Father of #1 Howard Stark
26%
Thunderbolts* Thunderbolts* Lewis Pullman Active Superpowered individual who wears a blue and gold suit Bob Reynolds (Sentry) / Bob Reynolds / Sentry
23%
Guardians of the Galaxy* (Background) Guardians of the Galaxy vol. 3 Maria Bakalova Active Dog with telepathy Cosmo the Space-Dog / Cosmo
23%
Spider-Man: Homecoming Spider-Man: No Way Home Tony Revolori Active Bully at Midtown High Flash Thompson / Flash
23%
Doctor Strange Doctor Strange in the Multiverse of Madness* (Deleted scene) Chiwetel Ejiofor Active Former Socerer who said there were too many sorcerers Karl Mordo / Mordo
23%
Eternals Eternals Bill Skarsgard Deceased Leader of the Deviants Kro
23%
The Incredible Hulk Captain America: Brave New World Tim Blake Nelson In Custody Former cellular biologist who was experimented on in Camp Echo One, sought revenge on Ross Samuel Sterns (The Leader) / Sameul Sterns / The Leader / Leader
23%
Captain America: The Winter Soldier The Falcon and The Winter Soldier Emily VanCamp Active Former S.H.I.E.L.D. Agent who was tasked with protecting Captain America, post-blip became the Power Broker Sharon Carter / Agent 13 / Power Broker / Sharon
23%
Guardians of the Galaxy vol. 3 Guardians of the Galaxy vol. 3 Will Poulter Active Sovereign being created to be the perfect lifeform Adam Warlock
21%
Eternals Eternals Salma Hayek Deceased Former leader of the Eternals Ajak
21%
Eternals Eternals David Kaye Active Celestial who Judges the Eternals Arishem the Judge / Arishem
21%
Eternals Eternals Kit Harrington Active Lover of the leader of the Eternals Dane Whitman (Black Knight) / Dane Whitman / Black Knight
21%
Iron Man 3 Iron Man 3 Guy Pearce Deceased Founder of A.I.M. Aldrich Killian / Killian
21%
Black Widow Black Widow Ray Winstone Deceased Former leader of the Red Room Dreykov
21%
Spider-Man: No Way Home* (Credits) Spider-Man: No Way Home* (Credits) Tom Hardy Unknown Symbiote pair from another universe Eddie Brock (Venom) / Eddie Brock / Venom
21%
Doctor Strange Doctor Strange Mads Mikkelsen Unknown Follower of ^, Ex sorcerer Kaecilius
21%
Eternals Eternals Lauren Ridloff Active Deaf Eternal with super speed Makkari
21%
Thor: The Dark World Thor: The Dark World Christopher Eccleston Deceased Leader of the dark elves Malekith
21%
Spider-Man: Homecoming Spider-Man: No Way Home Jacob Batalon Active Spider-Man's man in the chair Ned Leeds / Ned
21%
Deadpool & Wolverine Deadpool & Wolverine Rob Delaney Active Member of X-Force and friend of Deadpool Peter Wisdom / Peter
21%
Black Panther: Wakanda Forever Ironheart Dominique Thorne Active MIT Student who built her own Iron Man esque armor Riri Williams (Ironheart) / Riri Williams / Ironheart
21%
WandaVision Agatha All Along Debra Jo Rupp Active Westview citizen Sharon Davis / Sharon
21%
Black Widow Thunderbolts* David Harbour Active Former Super Soldier and adoptive father of Black Widow Alexei Shostakov (Red Guardian) / Red Guardian / Alexei
19%
Thor: The Dark World Thor: The Dark World Adewale Akinnuoye-Agbaje Deceased Dark elf who becomes one of the Kursed Algrim the Strong (Kurse) / Algrim / Kurse
19%
Eternals* (Credits) Deadpool & Wolverine* (Variant) Mahershala Ali Active Vampire-Human hybrid who hunts Vampires Eric Brooks (Blade) / Eric Brooks / Blade
19%
Eternals* (Credits)* (Variant) Deadpool & Wolverine Wesley Snipes Active Vampire-Hunting Vigilante trapped in the Void Eric Brooks (Blade) / Eric Brooks / Blade
19%
Thor Avengers: Endgame Rene Russo Deceased Mother of Thor, Former Queen of Asgard Frigga
19%
Guardians of the Galaxy vol. 3 Guardians of the Galaxy vol. 3 Chukwudi Iwuji Deceased Geneticist who sought to create the perfect species High Evolutionary
19%
Eternals Eternals Kumail Nanjiani Active Eternal who is a Bollywood Star Kingo
19%
Thor Avengers: Infinity War Jaimie Alexander Active Asgardian Warrior Lady Sif / Sif
19%
Black Panther Black Panther: Wakanda Forever Danai Gurira Inactive Former head of the Dora Milaje Okoye
19%
Iron Man Captain Marvel Clark Gregg Deceased S.H.I.E.L.D. Operative tasked with assembling The Avengers Phil Coulson
19%
Deadpool & Wolverine Deadpool & Wolverine Stefan Kapičić Active X-Men member with steel skin Piotr Rasputin (Colossus) / Piotr Rasputin / Colossus
19%
The Fantastic Four: First Steps The Fantastic Four: First Steps Julia Garner Unknown Herald of Galactus Shalla-Bel (Silver Surfer) / Shalla-Bel / Silver Surfer
19%
Captain Marvel Captain Marvel Jude Law Deceased Kree Commander and leader of Starforce who tried to use Captain Marvel's power for the Kree Yon-Rogg
19%
WandaVision Agatha All Along Kathryn Hahn Deceased Powerful witch who infiltrates Westview to steal Scarlet Witch's powers, later helps her son Agatha "Agnes" Harkness / Agatha
17%
Captain America: The Winter Soldier Avengers: Endgame Robert Redford Deceased Former head of S.H.I.E.L.D. who was a covert member of HYDRA Alexander Pierce
17%
Doctor Strange Avengers: Endgame Tilda Swanston Deceased Former Sorcerer Supreme who drew her powers from the Dark Dimension Ancient One
17%
Doctor Strange in the Multiverse of Madness Doctor Strange in the Multiverse of Madness Anson Mount Deceased Illuminati Member and King of the Inhumans with a powerful scream, from another universe Blackagar Boltagon (Black Bolt) / Black Bolt / Blackagar Boltagon
17%
Deadpool & Wolverine Deadpool & Wolverine Emma Corrin Deceased Omega-Level mutant who was banished to the void as a baby Cassandra Nova
17%
Eternals Eternals Barry Keoghan Active Eternal who can control minds Druig
17%
Daredevil: Born Again Daredevil: Born Again Jon Bernthal Active Vigilante and friend of Daredevil, who kills criminals Frank Castle (Punisher) / Frank Castle / Punisher
17%
Spider-Man: Far From Home Spider-Man: No Way Home J.K. Simmons Active Reporter for The Daily Bugle J. Jonah Jameson / JJJ
17%
She-Hulk: Attorney at Law She-Hulk: Attorney at Law Jameela Jamil Active Superpowered influencer Mary MacPherran (Titania) / Mary / Titania
17%
Eternals Eternals Brian Tyree Henry Active Inventor Eternal Phastos
17%
Deadpool & Wolverine Deadpool & Wolverine Channing Tatum Active Mutant with the ability to manipulate kinetic energy, trapped in the void Remy LeBeau (Gambit) / Remy / Gambit
17%
Thor: The Dark World* (Credits) Avengers: Infinity War Benicio del Toro Alive Eternal who owned a collection on Knowhere Taneleer Tivan (The Collector) / Taneleer Tivan / The Collector / Collector
17%
Captain America: Civil War Black Panther John Kani Deceased Former King of Wakanda who was assassinated in a U.N. Bombing T'Chaka
17%
Captain America: The Winter Soldier Avengers: Endgame Frank Grillo Deceased S.T.R.I.K.E. Commander who was a covert member of HYDRA, suicide bombs himself in an attempt to kill Captain America Brock Rumlow (Crossbones) / Brock Rumlow / Crossbones / Rumlow
15%
The Falcon and The Winter Soldier Thunderbolts* Wyatt Russell Active Steve Rogers former successor who takes the super soldier serum to be stronger John Walker (U.S. Agent) / John Walker / US Agent
15%
Deadpool & Wolverine Deadpool & Wolverine Dafne Keen Active Younger Clone of Wolverine Laura (X-23) / Laura / X-23
15%
Deadpool & Wolverine Deadpool & Wolverine Peggy Active Dog Variant of Deadpool Mary Puppins (Dogpool) / Mary Puppins / Dogpool
15%
Black Panther Black Panther: Wakanda Forever Winston Duke Active Current King of Wakanda, leader of the Jabari Tribe M'Baku (Man-Ape) / M'Baku / Man-Ape
15%
Deadpool & Wolverine Deadpool & Wolverine Ryan Reynold's Deceased Nice Variant of Deadpool Wade Wilson (Nicepool) / Wade Wilson / Nicepool
15%
Eternals Eternals Haaz Sleiman Active Inventor Eternal's Husband Ben
13%
Deadpool & Wolverine Deadpool & Wolverine Aaron W. Reed Deceased Brother of Charles Xavier who wears a helmet to keep him out of his head Cain Marko (Juggernaut) / Cain Marko / Juggernaut
13%
Iron Man Iron Man 2 Leslie Bibb Active Journalist who worked for Vanity Fair before being employed by WHiH World News Christine Everhart / Christine
13%
Doctor Strange Doctor Strange in the Multiverse of Madness Rachel McAdams Active Neurosurgeon and friend of Dr. Strange Christine Palmer / Christine
13%
Doctor Strange in the Multiverse of Madness* (Credits) Doctor Strange in the Multiverse of Madness* (Credits) Charlize Theron Active Sorceress and daughter of the ruler of the dark dimension who comes to seek Dr Strange's help Clea
13%
Thor WandaVision Kat Dennings Active Former Intern for ^ before working for S.W.O.R.D. Darcy Lewis
13%
Thor Thor: Love and Thunder Stellan Skarsgard Active Astrophysicist who frequently helps out Thor Erik Selvig / Selvig
13%
Eternals* (Credits) Eternals* (Credits) Harry Styles Active Eternal and adoptive brother of Thanos Eros (Starfox) / Eros / Starfox
13%
The Falcon and The Winter Soldier Captain America: Brave New World Carl Lumbly Active Korean War Veteran and recipient of the Super Soldier Serum who was imprisoned and experimented on Isaiah Bradley
13%
Thor: Love and Thunder Thor: Love and Thunder India Rose Hemsworth Active Daughter of the God-Butcher Love
13%
Thor: Ragnarok Thor: Love and Thunder Stephen Murdoch, Carly Rees Active Insectoid friend of ^ Miek
13%
Deadpool & Wolverine Deadpool & Wolverine Matthew Macfadyen In Custody Rogue agent of the TVA who sought to use a Time-Ripper on Deadpool's universe Mr. Paradox / Paradox
13%
Spider-Man: Homecoming Spider-Man: Homecoming Michael Chernus Active Scrapper who makes technology Phineas Mason (Tinkerer) / Phineas / Tinkerer
13%
Loki Loki Sophia Di Martino Alive Variant of Loki who wants to kill He Who Remains Sylvie (Lady Loki) / Sylvie / Lady Loki
13%
Thor: Love and Thunder Thor: Love and Thunder* (Credits) Russell Crowe Active Greek god of Lightning Zeus
13%
Ant-Man and The Wasp Ant-Man and The Wasp Laurence Fishburne Active Biochemist and former member of S.H.I.E.L.D. Bill Foster / Bill
11%
Loki Loki Eugene Cordero Active Member of the TVA Casey
11%
Deadpool & Wolverine Deadpool & Wolverine Jennifer Garner Active Acrobatic vigilante trapped in the Void Elektra
11%
Captain America: Civil War Secret Invasion Martin Freeman Active CIA Agent who was taken to Wakanda after suffering a bullet wound Everett Ross
11%
Guardians of the Galaxy vol. 3 Guardians of the Galaxy vol. 3 Mikaela Hoover Deceased Rabbit friend of Rocket Floor
11%
Hawkeye Hawkeye Aleks Paunovic Unknown Member of the tracksuit mafia Ivan Banionis / Ivan
11%
Captain America: The First Avenger Captain America: The First Avenger Kenneth Choi Deceased Japanese-American member of the Howling Commandos Jim Morita / Jim
11%
Ant-Man and The Wasp Ant-Man and The Wasp: Quantumania Randall Park Active Former S.H.I.E.L.D. member who was recruited into the FBI Jimmy Woo
11%
Ant-Man Ant-Man and The Wasp Michael Pena Active ^ Luis
11%
Guardians of the Galaxy vol. 3 Guardians of the Galaxy vol. 3 Linda Cardellini Deceased Otter friend of Rocket Lylla
11%
Loki Ant-Man and The Wasp: Quantumania* (Credits) Owen Wilson Active Member of the TVA and friend of Loki Mobius M. Mobius / Mobius
11%
Thor: Ragnarok Thor: Ragnarok Taika Waititi Deceased Fire Demon who brings about Ragnarok Surtur
11%
Captain Marvel Secret Invasion Ben Mendelsohn Deceased Former General of the Skrull Council and friend of Nick Fury's Talos
11%
Guardians of the Galaxy vol. 3 Guardians of the Galaxy vol. 3 Asim Chaudhry Deceased Walrus friend of Rocket Teefs
11%
WandaVision Agatha All Along Jett Klyne, Gavin Borders Active Son of the Scarlet Witch, possesses super-speed Tommy Maximoff / Tommy
11%
The Fantastic Four: First Steps* (Credits) Avengers: Doomsday Rober Downey Jr. Unknown Ruler of Latveria Victor Von Doom (Doctor Doom) / Victor Von Doom / Victor Doom / Doctor Doom / Dr Doom
11%
Spider-Man: Homecoming Spider-Man: Homecoming Donald Glover Active Criminal interrogated by Spider-Man about Chitauri Tech weapons Aaron Davis (Prowler) / Aaron Davis / Prowler
9%
Guardians of the Galaxy vol. 2 Guardians of the Galaxy vol. 3 Elizabeth Debicki Deceased Leader of the Sovereign Ayesha
9%
WandaVision Agatha All Along Joe Locke Active Son of the Scarlet Witch, posesses the power to read minds and his mothers chaos magic Billy Maximoff (Wiccan) / Billy / Wiccan
9%
Avengers: Age of Ultron Avengers: Age of Ultron ClaudiaKim Active Geneticist who is mind controlled to build a synthetic body for Ultron Dr. Helen Cho / Helen Cho
9%
Deadpool & Wolverine Deadpool & Wolverine Brianna Hildebrand Active X-Men member who can produce concussive force Ellie Phimister (Negasonic Teenage Warhead) / Ellie / Negasonic Teenage Warhead
9%
Thor: Ragnarok Thor: Ragnarok Jeff Goldblum Unknown Eternal who becomes ruler of Sakaar En Dwi Gast (Grandmaster) / Grandmaster / En Dwi Gast
9%
Iron Man 3 Iron Man 3 James Badge Dale Deceased Former U.S. Army official who took Extremis Eric Savin / Eric
9%
Thor Thor: Ragnarok Josh Dallas, Zachary Levi Deceased Member of the Warriors Three Fandral
9%
Captain Marvel The Marvels Gonzo, Rizzo, Archie, Reggie, Nemo, Tango Alive Flerken who took Fury's eye Goose
9%
Thor Thor: Ragnarok Tadanobu Asano Deceased Member of the Warriors Three Hogun
9%
Guardians of the Galaxy Guardians of the Galaxy vol. 2* (Deleted Scene) Glenn Close Active Head of the Nova Corps Irani Rael (Nova Prime) / Nova Prime / Irani Rael
9%
Avengers: Age of Ultron Hawkeye Linda Cardellini Active Wife of Hawkeye Laura Barton
9%
Guardians of the Galaxy vol. 3 Guardians of the Galaxy vol. 3 Kai Zen Active Star-Child and current member of the Guardians Phyla
9%
Avengers: Infinity War Avengers: Endgame Carrie Coon, Monique Ganderton Deceased Female member of the Black Order Proxima Midnight
9%
The Falcon and The Winter Soldier The Falcon and The Winter Soldier Adepero Oduye Active The Current Captain America's Sister Sarah Wilson / Sarah
9%
Eternals Captain America: Brave New World* (Corpse) N/A Deceased Eternal who almost emerged from the Earth's Core, body contains Adamantium Tiamut
9%
Thor Thor: Ragnarok Ray Stevenson Deceased Member of the Warriors Three Volstagg
9%
Captain Marvel Captain Marvel Annette Bening Deceased Kree Scientist who sought peace between the Kree and Skrulls Wendy Lawson (Mar-Vell) / Wendy Lawson / Mar-Vell / Marvell
9%
Hawkeye Daredevil: Born Again Vincent D'Onofrio Active Powerful crime boss in New York Wilson Fisk (Kingpin) / Wilson Fisk / Kingpin
9%
Moon Knight Moon Knight Saba Mubarak Deceased Egyptian Goddess of Judgement Ammit
6%
Spider-Man: Homecoming Spider-Man: No Way Home Angourie Rice Active Co-host of Midtown News Betty Brant
6%
Spider-Man: Far From Home Spider-Man: Far From Home Remy Hii Active Student at Midtown and Spider-Man's rival on a class trip to Europe Brad Davis / Brad
6%
Avengers: Age of Ultron Hawkeye Ben Sakamoto Active Eldest son of Hawkeye Cooper Barton
6%
Avengers: Infinity War Avengers: Endgame Terry Notary Deceased Large member of the Black Order Cull Obsidian
6%
The Marvels The Marvels Zawe Ashton Deceased Former Accuser of the Kree Empire who blamed Captain Marvel for starting a civil war on Hala Dar-Benn
6%
Thor: Ragnarok Thor: Ragnarok Unknown Deceased Oh, nope he's dead Doug
6%
Captain America: The First Avenger Captain America: The First Avenger Stanley Tucci Deceased Brilliant scientist and creator of the Super Soldier serum who was assassinated Dr. Abraham Erskine / Erskine
6%
Avengers: Infinity War Avengers: Endgame Tom Vaughan-Lawlor Deceased Telekinetic member of the Black Order Ebony Maw
6%
Spider-Man: Far From Home Spider-Man: Far From Home Dawn Michelle King Active Augmented Reality Security system made by Iron Man E.D.I.T.H.
6%
Thor: Ragnarok Thor: Ragnarok N/A Deceased Goddess of Death's pet Wolf Fenris
6%
The Fantastic Four: First Steps The Fantastic Four: First Steps TBA Unknown Robot member of the Fantastic Four H.E.R.B.I.E.
6%
Thor: Love and Thunder* (Credits) Thor: Love and Thunder* (Credits) Brett Goldstein Active Fierce Greek warrior and Son of ^ Hercules
6%
Eternals Eternals Esai Daniel Cross Active Inventor Eternal's son Jack
6%
Hawkeye Daredevil: Born Again Tony Dalton Active Step-Father of Hawkeye's protege Jack Duquesne (Swordsman) / Jack
6%
Captain America: The Winter Soldier Avengers: Endgame Callan Mulvey In Custody Member of STRIKE and covert member of HYDRA Jack Rollins / Jack
6%
Iron Man 3 Iron Man 3 Ashley Hamilton Deceased Former U.S. Soldier who took Extremis Jack Taggart / Jack
6%
Loki Loki Jack Veal Active Kid variant of Loki Kid Loki
6%
Avengers: Age of Ultron Hawkeye Imogen Poynton, Isabella Poynton, Ava Russo Active Daughter of Hawkeye Lila Barton
6%
Hawkeye Hawkeye Jolt Active Dog with a missing eye Lucky the Pizza Dog / Lucky
6%
Captain America: Civil War The Falcon and The Winter Soldier* (Flashback) Hope Davis Deceased Mother of #1 Maria Stark
6%
Black Widow Black Widow Rachel Weisz Active Adoptive mother of Black Widow Melina Vostokoff / Melina
6%
Loki Loki Tara Strong, Shelby Young Active AI of the TVA Miss Minutes
6%
Ms Marvel Ms Marvel Nimra Bucha Deceased Leader of the Clandestines who seeks Aisha's Bangles Najma
6%
Black Panther Black Panther: Wakanda Forever Lupita Nyong'o Active Member of the Wakandan War Dogs and lover of the previous Black Panther Nakia
6%
Ms Marvel The Marvels* (Picture) Yasmeen Fletcher Active Student at Coles Academy and one of Ms Marvel's friends Nakia Bahadir / Nakia
6%
Captain America: Brave New World Captain America: Brave New World Shira Haas Active Former Black Widow Assassin and advisor to President Ross Ruth Bat-Seraph / Ruth / Seraph
6%
Ant-Man and The Wasp Ant-Man and The Wasp Walton Goggins In Custody Criminal and Black Market dealer who tried to steal the Mobile Labratory Sonny Burch
6%
Deadpool & Wolverine Deadpool & Wolverine Shioli Kutsuna Active "Hi Wade!" Lover of ^ Yukio
6%
Iron Man 2 Iron Man 2 Eugene Lazarev Deceased Soviet Scientist and former partner of Stark Industries Anton Vanko / Anton
4%
Captain America: The Winter Soldier* (Credits) Avengers: Age of Ultron Thomas Kretschmann Deceased HYDRA Leader in Sokovia who had possession of Loki's Scepter Baron Wolfgang von Strucker / Baron Strucker / Strucker
4%
Ms Marvel The Marvels* (Picture) Matt Lintz Active Former student at Coles Academy and one of Ms Marvel's friends Bruno Carreli / Bruno
4%
Loki Loki Richard E. Grant Deceased Older variant of Loki who sacrifices himself to save the others Classic Loki
4%
Avengers: Infinity War Avengers: Endgame Michael Shaw Deceased Member of the Black Order who wields a Glaive Corvus Glaive
4%
Captain America: Brave New World Captain America: Brave New World William MarkMcCullough Deceased U.S. Navy Seal who helps Captain America Dennis Dunphy
4%
The Incredible Hulk The Incredible Hulk Ty Burrell Active Psychiatrist at Culver University and love interest of Betty Ross Dr Leonard Samson / Samson
4%
Avengers: Infinity War Thor: Love and Thunder* (Deleted Scene) Peter Dinklage Active Former King of Nidavellir Eitri
4%
Iron Man 3 Iron Man 3 Stéphanie Szostak Deceased U.S. Army veteran who took Extremis Ellen Brandt / Ellen
4%
She-Hulk: Attorney at Law She-Hulk: Attorney at Law Justin Eaton Active Member of the Wrecking Crew Elliot Franklin (Thunderball) / Elliot / Thunderball
4%
Deadpool & Wolverine Deadpool & Wolverine Mike Waters Deceased Mutant with a big body Fred Dukes (Blob) / Fred Dukes / Blob
4%
Loki Deadpool & Wolverine Wunmi Mosaku Active Hunter of the TVA Hunter B-15 / B-15
4%
Thor Avengers: Endgame Maximiliano Hernández Deceased Cover HYDRA Agent in S.H.I.E.L.D. who tells The Avengers about Project Insight Jasper Sitwell / Sitwell
4%
The Falcon and The Winter Soldier The Falcon and The Winter Soldier Erin Kellyman Deceased Leader of the Flag Smasher's Karli Morgenthau (Flag Smasher) / Karli / Flag Smasher
4%
Shang-Chi and the Legend of the Ten Rings Shang-Chi and the Legend of the Ten Rings Awkwafina Active Love Interest of Shang-Chi who uses a bow and arrow Katy Chen
4%
Moon Knight Moon Knight F. Murray Abraham Active Egyptian god of the Moon Khonshu / Konshu
4%
Guardians of the Galaxy Captain Marvel Djimon Hounsou Deceased Kree Warrior who works with Ronan to retrieve the Power Stone Korath the Pursuer / Korath
4%
Spider-Man: Homecoming Spider-Man: Homecoming Michael Mando Active Criminal who fights Spider-Man on the Ferry Mac Gargan (Scorpion) / Mac Gargan / Scorpion
4%
Hawkeye Echo Alaqua Cox Active Deaf leader of the tracksuit mafia Maya Lopez (Echo) / Maya Lopez / Echo
4%
Captain Marvel Captain Marvel Gemma Chan Deceased Kree Sniper Minn-Erva
4%
Avengers: Age of Ultron Hawkeye Jaiden Stafford, Cade Woodward Active Youngest son of Hawkeye Nathaniel Barton
4%
Black Panther Black Panther: Wakanda Forever Angela Bassett Deceased Former Queen of Wakanda Ramonda
4%
Loki Loki Gugu Mbatha-Raw Unknown Judge of the TVA Ravonna Renslayer / Ravonna
4%
Iron Man Iron Man Faran Tahir Active Commander of the Ten Rings terrorist organization Raza
4%
The Avengers Guardians of the Galaxy Alexis Denisof Deceased The Mad Titan's Right Hand The Other / Other
4%
Captain America: The First Avenger Captain America: The First Avenger Neal McDonough Deceased Member of the Howling Commandos Timothy "Dum Dum" Dugan / Dum Dum Dugan
4%
WandaVision Agatha All Along Fred Melamed Active Westview citizen and Vision's boss Todd Davis / Todd
4%
She-Hulk: Attorney at Law She-Hulk: Attorney at Law Jon Bass In Custody Billionaire who is known online as HulkKing who has an obsession with She-Hulk Todd Phelps / Todd
4%
Thor: Ragnarok Thor: Ragnarok Rachel House Deceased Body guard of ^ Topaz
4%
Black Panther Black Panther Forest Whitaker Deceased Former Shaman of Wakanda Zuri
4%
Ms Marvel The Marvels Saagar Shaikh Active Ms Marvel's older brother Aamir Khan
2%
Moon Knight Moon Knight Ethan Hawke Deceased Disciple of Ammit Arthur Harrow / Harrow
2%
Black Panther: Wakanda Forever Black Panther: Wakanda Forever Alex Livinalli Active Talokan warrior Attuma
2%
Black Panther Black Panther: Wakanda Forever Florence Kasumba Active Head of the Dora Milaje Ayo
2%
Loki Loki DeObia Oparei Deceased Boastful variant of Loki who betrays the others Boastful Loki
2%
She-Hulk: Attorney at Law She-Hulk: Attorney at Law Kyle Murillo Active Member of the Wrecking Crew Brian Calusky (Piledriver) / Brian / Piledriver
2%
Ant-Man Ant-Man and The Wasp T.I. Active ^ Dave
2%
Captain America: Brave New World Captain America: Brave New World Jóhannes Haukur Jóhannesson In Custody Member of SERPENT Davis Lawfers (Copperhead) / Davis Lawfers / Copperhead
2%
She-Hulk: Attorney at Law She-Hulk: Attorney at Law Nick Gomez Active Leader of the Wrecking Crew Dirk Garthwaite (Wrecker) / Dirk / Wrecker
2%
Deadpool & Wolverine Deadpool & Wolverine Karan Soni Active Friend and Taxi Driver of Deadpool Dopinder
2%
Captain America: The Winter Soldier* (Credits) Avengers: Age of Ultron Henry Goodman Deceased HYDRA Scientist who experimented on the Maximoff twins Dr. List / List
2%
Hawkeye Hawkeye Vera Farmiga In Custody Mother to the protege of Hawkeye Eleanor Bishop / Eleanor
2%
Captain America: The Winter Soldier The Falcon and The Winter Soldier Georges St-Pierre Deceased French-Algerian pirate and mercenary who worked with the Power Broker Georges Batroc (Batroc the Leaper) / Georges Batroc / Batroc
2%
Iron Man 3 Avengers: Endgame Ty Simpkins Active Kid who helped #1 when he was stranded Harley Keener
2%
Ant-Man and The Wasp: Quantumania Ant-Man and The Wasp: Quantumania Katy M. O'Brian Active Leader of the Freedom Fighters Jentorra
2%
Ms Marvel Ms Marvel Rish Shah Active Son of Najma and former member of the Clandestines Kamran
2%
Hawkeye Hawkeye Fra Fee Deceased Member of the tracksuit mafia, friend of ^ Kazi Kazimierczak (Clown) / Kazi
2%
Ant-Man Ant-Man and The Wasp David Dastmalchian Active Ex-Convict Friend of Ant-Man Kurt
2%
Moon Knight Moon Knight May Calamawy Active Wife of Moon Knight who becomes Taweret's Avatar Layla El-Faouly (Scarlet Scarab) / Layla / Scarlet Scarab
2%
The Falcon and The Winter Soldier The Falcon and The Winter Soldier Clé Bennett Deceased Friend of ^, killed by the Flag Smasher's Lemar Hoskins (Battlestar) / Lemar Hoskins / Battlestar
2%
Shang-Chi and the Legend of the Ten Rings Shang-Chi and the Legend of the Ten Rings Andy Le Deceased Loyal follower of The Mandarin Li Ching-Lin (Death Dealer) / Li Ching-Lin / Death Dealer
2%
Ant-Man Ant-Man and The Wasp Judy Greer Active Ex-Wife of Ant-Man Maggie Lang / Maggie
2%
Shang-Chi and the Legend of the Ten Rings Shang-Chi and the Legend of the Ten Rings Florian Munteanu Active Adoptive son of The Mandarin with a retractable blade on his arm Mattias (Razor Fist) / Razor Fist / Mattias
2%
Iron Man 3 Iron Man 3 Rebecca Hall Deceased Mastermind and receiver of Extremis Maya Hansen / Maya
2%
Guardians of the Galaxy Guardians of the Galaxy vol. 3* (Picture) Laura Haddock Deceased Mother of Star-Lord Meredith Quill / Meredith
2%
Black Panther: Wakanda Forever Black Panther: Wakanda Forever Mabel Cadena Active Cousin of the leader of Talokan Namora
2%
She-Hulk: Attorney at Law She-Hulk: Attorney at Law Ginger Gonzaga Active Best friend of She-Hulk Nikki Ramos / Nikki
2%
Black Panther Black Panther Sterling K. Brown Deceased Uncle of the previous Black Panther N'Jobu
2%
Eternals* (Credits) Eternals* (Credits) Patton Oswalt Active Herald of ^ Pip the Troll / Pip
2%
Black Widow Black Widow O-T Fagbenle Active International Smuggler who helped hide Black Widow while on the run from Ross Rick Mason / Rick
2%
Captain America: Brave New World Captain America: Brave New World Giancarlo Esposito In Custody Leader of SERPENT Seth Voelker (Sidewinder) / Seth Voelker / Sidewinder
2%
Thor: Ragnarok Thor: Ragnarok Karl Urban Deceased Former Janitor in Asgard Skurge the Executioner / Skurge
2%
Captain Marvel Secret Invasion Sharon Blynn,Kate Braithwaite Deceased Wife of ^ Soren
2%
Guardians of the Galaxy vol. 2 Guardians of the Galaxy vol. 3 Sylvester Stallone Active Supreme Leader of the ravagers Stakar Ogord (Starhawk) / Stakar Ogord / Starhawk
2%
Captain Marvel Captain Marvel Annete Bening, Jude Law Deceased Kree Intelligence and Ruler Supreme Intelligence
2%
Moon Knight Moon Knight Antonia Salib Active Egyptian goddess of Women and Children Taweret
2%
WandaVision WandaVision Josh Stamberg In Custody Former high ranking S.W.O.R.D. operative Tyler Hayward / Tyler
2%
Deadpool & Wolverine Deadpool & Wolverine Morena Baccarin Active Ex-fiance of Deadpool Vanessa Carlysle / Vanessa
2%
Deadpool & Wolverine Deadpool & Wolverine Tyler Mane Deceased Mutant with an extinct cat as his namesake Victor Creed (Sabretooth) / Victor Creed / Sabretooth
2%
Iron Man Spider-Man: Far From Home Peter Billingsley Active Former Stark Industries scientist who worked with Iron Monger and Mysterio William Ginter Riva / William / Riva
2%
Shang-Chi and the Legend of the Ten Rings Shang-Chi and the Legend of the Ten Rings Meng'er Zhang Active Current leader of the Ten Rings, Shang-Chi's sister Xu Xialing
2%
The Marvels The Marvels Park Seo-Joon Unknown Prince of Aladna who is Captain Marvel's Husband Yan
2%
Shang-Chi and the Legend of the Ten Rings Shang-Chi and the Legend of the Ten Rings Fala Chen Deceased Former Guardian of the Ta Lo and Shang-Chi's mother Ying Li
2%
Ms Marvel Daredevil: Born Again Mohan Kapur Active Ms Marvel's father Yusuf Khan
2%
Iron Man Iron Man Sayed Badreya Unknown Member of the Ten Rings who helped ^ kidnap Iron Man Abu Bakaar / Abu
0%
Avengers: Endgame Avengers: Endgame Hiroyuki Sanada Deceased Yakuza boss who is killed by Ronin Akihiko
0%
Spider-Man: Homecoming Spider-Man: No Way Home Hannibal Buress Active P.E. teacher at Midtown Andre Wilson / Andre
0%
Black Panther: Wakanda Forever Black Panther: Wakanda Forever Michaela Coel Inactive Former combat instructor of the Dora Milaje Aneka
0%
Hawkeye Hawkeye Simon Callow Deceased Elder step-relative of Hawkeye's protege who is murdered for his inheritance Armand Duquesne III / Armand
0%
She-Hulk: Attorney at Law She-Hulk: Attorney at Law Josh Segarra Active Attorney assigned to the Superhuman Law Division Augustus Pugliese / Agustus
0%
Guardians of the Galaxy vol. 3 Guardians of the Galaxy vol. 3 Reinaldo Faberlle Deceased Bird who works for the High Evolutionary Behemoth
0%
Captain America: The Winter Soldier Avengers: Infinity War* (Mentioned) Aaron Himelstein Active S.H.I.E.L.D. Operative who refuses to launch project Insight Cameron Klein / Cameron
0%
Thor: The Dark World* (Credits) Guardians of the Galaxy Ophelia Lovibond Deceased Assistant of ^ who killed herself by grabbing the Power Stone Carina
0%
Captain America: The First Avenger Captain America: The Winter Soldier* (Picture) Tommy Lee Jones Deceased Founding member of S.H.I.E.L.D. who was a key factor in the creation of Captain America Chester Philips
0%
Hawkeye Hawkeye Brian d'Arcy James Deceased Father of Hawkeye's Protege Derek Bishop / Derek
0%
She-Hulk: Attorney at Law She-Hulk: Attorney at Law Rhys Coiro Active Former master of the mystic arts who was kicked out Donny Blaze
0%
The Marvels Secret Invasion* (Mentioned) Gary Lewis Alive Emperor of the Skrulls Dro'ge
0%
Ant-Man and The Wasp Ant-Man and The Wasp Michael Cerveris Deceased Ex S.H.I.E.L.D. scientist who worked with Jimmy Woo and Hank Pym in the past Elihas Starr / Elihas
0%
Captain America: The First Avenger Captain America: The First Avenger Derek Luke Deceased Black member of the Howling Commandos Gabe Jones / Gabe
0%
Guardians of the Galaxy Guardians of the Galaxy Peter Serafinowicz Deceased Highly Regarded member of the Nova Corps Garthan Saal / Saal
0%
Shang-Chi and the Legend of the Ten Rings Shang-Chi and the Legend of the Ten Rings Yuen Wah Deceased Elder of Ta Lo who was killed by a Soul Eater Guang Bo
0%
Doctor Strange Doctor Strange in the Multiverse of Madness Topo Wresniwiro Deceased Elderly master of the Mystic Arts Hamir
0%
Captain America: The First Avenger Captain America: The First Avenger Richard Armitage Deceased HYDRA Assassin who swallows a cyanide pill after assassinating Erskine Heinz Kruger
0%
She-Hulk: Attorney at Law She-Hulk: Attorney at Law Tennison Barry III Active Member of the Wrecking Crew Henry Camp (Bulldozer) / Henry / Bulldozer
0%
Iron Man Iron Man Shaun Toub Deceased Renowned Surgeon who saved #1 Ho Yinsen
0%
Captain America: The First Avenger Captain America: The First Avenger Bruno Ricci Deceased French member of the Howling Commandos Jacques Dernier / Jacques
0%
Captain America: The First Avenger Captain America: The First Avenger JJ Feild Deceased British member of the Howling Commandos James Montgomery Falsworth / James Falsworth
0%
Guardians of the Galaxy vol. 2 Guardians of the Galaxy vol. 3 Gregg Henry Active Grandfather of Star-Lord Jason Quill / Jason
0%
Ant-Man Ant-Man and The Wasp Bobby Cannavale Active Police Officer and Husband of ^ Jim Paxton / Paxton
0%
Spider-Man: Far From Home Spider-Man: No Way Home J.B. Smoove Active Teacher at Midtown high who chaperoned the class trip to Europe Julius Dell / Julius
0%
Eternals Eternals Harish Patel
Active Bollywood Eternal's assistant Karun Patel
0%
Captain America: Brave New World Captain America: Brave New World Xosha Roquemore Active Captain America's mole in the President's Office Leila Taylor
0%
Doctor Strange Doctor Strange Scott Adkins Deceased Sorcerer and former master of the Mystic Arts, follower of Dorammmu Lucian Aster
0%
Iron Man 3 Captain America: The Winter Soldier* (Picture) William Sadler Active Former U.S. President Matthew Ellis
0%
Ant-Man Ant-Man Martin Donovan In Custody Covert HYDRA Agent who attempted to purchase the Yellowjacket suit Mitchell Carson
0%
Black Panther: Wakanda Forever Black Panther: Wakanda Forever Danny Sapani Active Current leader of the Wakandan Border Tribe M'Kathu
0%
Ms Marvel The Marvels Zenobia Shroff Active Ms Marvel's mother Muneeba Khan
0%
Doctor Strange Doctor Strange in the Multiverse of Madness Michael Stuhlbarg Active Neurosurgeon and rival of Dr. Strange Nicodemus West / West
0%
Captain Marvel Captain Marvel Matthew Maher Deceased Skrull Chief Science Officer who allied with Captain Marvel and Nick Fury Norex
0%
Ant-Man and The Wasp: Quantumania Ant-Man and The Wasp: Quantumania William Jackson Harper Active Telepathic member of the Freedom Fighters Quaz
0%
Guardians of the Galaxy Guardians of the Galaxy John C. Reilly Active Member of the Nova Corps Rhomann Dey / Dey
0%
Spider-Man: Homecoming Spider-Man: No Way Home Martin Starr Active Science teacher at Midtown Roger Harrington / Roger
0%
Iron Man 2 Captain America: The Winter Soldier Garry Shandling In Custody Former U.S. Senator who was a covert member of HYDRA Senator Stern / Stern
0%
Captain America: Civil War Captain America: Civil War Gene Farber Deceased HYDRA Operative and former Soviet Operative Vasily Karpov
0%
Ant-Man and The Wasp: Quantumania Ant-Man and The Wasp: Quantumania David Dastmalchian Active Member of the Freedom Fighters Veb
0%
Guardians of the Galaxy vol. 3 Guardians of the Galaxy vol. 3 Judy Greer Deceased Pig who works for the High Evolutionary War Pig
0%
Black Panther Black Panther: Wakanda Forever Daniel Kaluuya Inactive Former leader of the Border Tribe W'Kabi
0%
Shang-Chi and the Legend of the Ten Rings Shang-Chi and the Legend of the Ten Rings Michelle Yeoh Active Guardian of Ta Lo and Aunt of Shang-Chi Ying Nan
0%
Black Panther: Wakanda Forever Black Panther: Wakanda Forever Connie Chiume Active Former leader of the Wakandan Mining Tribe, succeeded Shuri as Wakanda's Elder Statesmen Zawavari
0%
No matching quizzes found
Score Distribution
Percent of People with Each Score
Percentile by Number Answered
Your Score History
You have not taken this quiz